Učenie konečnostavového automatu gramatickou evolúciou

Salvato in:
Dettagli Bibliografici
Autore principale: Štetiar, Matej (Autore)
Altri autori: Pospíchal, Jiří (Relatore della tesi)
Natura: Manoscritto Libro
Lingua:slovacco
Pubblicazione: 2015
Soggetti:
Accesso online:http://is.stuba.sk/zp/portal_zp.pl?podrobnosti=110118
Tags: Aggiungi Tag
Nessun Tag, puoi essere il primo ad aggiungerne!!

MARC

LEADER 00000ntm a22000003a 4500
001 stuzp53704
003 SK-STU
005 20160719154540.4
007 ta
008 150427s2015----xo-----f-mn---000-0-slo-d
040 |a STU  |b slo 
041 0 |a slo 
044 |a xl 
100 1 |a Štetiar, Matej  |u 070300  |4 aut  |U FIIT Fakulta informatiky a informačných technológií  |T FIIT Ústav aplikovanej informatiky  |X 5766  |U I300  |Y 180  |7 A000005766 
242 0 1 |a Learning of finite state automaton using grammatical evolution  |y eng 
245 1 0 |a Učenie konečnostavového automatu gramatickou evolúciou 
260 |c 2015 
300 |a 52 s.  |e CD-ROM 
650 4 |a gramatická evolúcia  |2 slo 
650 4 |a Novelty search  |2 slo 
650 4 |a evolučné algoritmy  |2 slo 
650 4 |a grammatical evolution  |2 eng 
650 4 |a Novelty search  |2 eng 
650 4 |a evolutionary algorithms  |2 eng 
700 1 |a Pospíchal, Jiří  |4 ths  |X 1743  |7 A000001743 
856 4 |u http://is.stuba.sk/zp/portal_zp.pl?podrobnosti=110118 
996 |b 284ID00063  |c I* DP62/15  |l II680  |s P  |a 0  |w stuzp53704_0001 
SQL |a stuzp53704  |b DDP  |c SLO  |d Učenie konečnostavového automatu gramatickou evolúciou  |e 5766  |f Štetiar, Matej  |g 070300  |h 1743  |i Pospíchal, Jiří  |j 20150610  |k 205  |l 07  |m http://is.stuba.sk/zp/portal_zp.pl?podrobnosti=110118  |n I-IS2  |o 9.2.6. informačné systémy